[Event "Elit(Kamraterna-SodraSASS)"]
[Site "?"]
[Date "2004.??.??"]
[Round "9"]
[White "Andreasson, Ingvar"]
[Black "Ornstein, Axel"]
[Result "1-0"]
[WhiteElo "2401"]
[BlackElo "2447"]
[PlyCount "97"]

1. b3 b5 2. Nf3 Bb7 3. e3 b4 4. Bb2 e6 5. a3 a5 6. Be2 Nf6 7. O-O Be7 8. c4 O-O
9. axb4 axb4 10. Rxa8 Bxa8 11. d3 d6 12. Nbd2 Nbd7 13. Qa1 c5 14. Qa7 Qc8 15.
Ra1 Bb7 16. h3 Qc7 17. Qa5 Nb6 18. Qa2 Nfd7 19. Qb1 Bf6 20. Bxf6 Nxf6 21. Ra2
Bc6 22. Qa1 Qb7 23. Ra7 Ra8 24. Rxa8+ Qxa8 25. Qxa8+ Bxa8 26. Ne1 Kf8 27. f4
Ke7 28. Kf2 d5 29. Nef3 dxc4 30. bxc4 Nfd7 31. Nb3 Na4 32. Nfd2 Nc3 33. Bf3
Bxf3 34. Nxf3 f6 35. g4 e5 36. fxe5 fxe5 37. d4 Kd6 38. Nxe5 Nxe5 39. dxe5+
Kxe5 40. Nxc5 Nd1+ 41. Ke2 Nc3+ 42. Kd2 Na2 43. Kc2 Nc3 44. Kd3 Kd6 45. Na6 Nd1
46. Ke2 Nc3+ 47. Kd3 Nd1 48. Nxb4 Kc5 49. Kd2 1-0

[Event "Elit(Kamraterna-SodraSASS)"]
[Site "?"]
[Date "2004.??.??"]
[Round "9"]
[White "Furhoff, Johan"]
[Black "Svenn, Matti"]
[Result "0-1"]
[WhiteElo "2426"]
[BlackElo "2251"]
[PlyCount "122"]

1. e4 c5 2. Nf3 Nc6 3. d4 cxd4 4. Nxd4 g6 5. c4 Bg7 6. Be3 Nf6 7. Nc3 O-O 8.
Be2 d6 9. O-O Bd7 10. Qd2 Nxd4 11. Bxd4 Bc6 12. f3 a5 13. Rab1 Nd7 14. Bf2 Nc5
15. Rfc1 Qc7 16. Rc2 Rfc8 17. b3 Qd8 18. a3 Qf8 19. b4 axb4 20. axb4 Na4 21.
Nd5 Qd8 22. Rd1 Bxd5 23. exd5 b6 24. f4 Ra7 25. Bg4 Rca8 26. f5 Qf8 27. Rf1 Be5
28. Be3 Qg7 29. Bh6 Bd4+ 30. Kh1 Qe5 31. Bf4 Qg7 32. Be3 Bxe3 33. Qxe3 Nb2 34.
Rcc1 Rb8 35. fxg6 hxg6 36. Rxf7 Kxf7 37. Qe6+ Ke8 38. c5 bxc5 39. bxc5 Nd3 40.
cxd6 Ra1 41. Qd7+ Kf8 42. Qxe7+ Qxe7 43. dxe7+ Kxe7 44. Rxa1 Nf2+ 45. Kg1 Nxg4
46. h3 Ne5 47. Ra6 Rb1+ 48. Kf2 Rb2+ 49. Kg3 Kf7 50. h4 Rd2 51. h5 g5 52. Rd6
Rd3+ 53. Kf2 Ng4+ 54. Ke2 Re3+ 55. Kf1 Nf6 56. Kf2 Re5 57. Kf3 Nxh5 58. Rd7+
Kg6 59. d6 Nf6 60. Ra7 Rd5 61. Ra6 Kf5 0-1

[Event "Elit(Kamraterna-SodraSASS)"]
[Site "?"]
[Date "2004.??.??"]
[Round "9"]
[White "Wengholm, Anders"]
[Black "Welin, Thomas"]
[Result "0-1"]
[WhiteElo "2261"]
[BlackElo "2402"]
[PlyCount "62"]

1. Nf3 d5 2. d4 Nf6 3. c4 c6 4. Nc3 dxc4 5. a4 Bf5 6. Nh4 Bg4 7. h3 Bh5 8. g4
Bg6 9. Nxg6 hxg6 10. e4 e5 11. g5 exd4 12. gxf6 Qxf6 13. Na2 d3 14. Bg2 Nd7 15.
O-O Nc5 16. Rb1 Ne6 17. b3 Nd4 18. bxc4 Ne2+ 19. Kh2 O-O-O 20. f4 g5 21. Rb3
Bd6 22. Rxd3 Bxf4+ 23. Bxf4 Nxf4 24. Rxd8+ Rxd8 25. Qg4+ Kc7 26. Rd1 Rxd1 27.
Qxd1 Qb2 28. Qg4 Qxa2 29. Qxg5 Qxg2+ 30. Qxg2 Nxg2 31. Kxg2 Kd6 0-1

[Event "Elit(Kamraterna-SodraSASS)"]
[Site "?"]
[Date "2004.??.??"]
[Round "9"]
[White "Winge, Stefan"]
[Black "Borvander, Tom"]
[Result "1-0"]
[WhiteElo "2290"]
[BlackElo "2239"]
[PlyCount "65"]

1. e4 e5 2. Bc4 Nf6 3. d3 c6 4. Nf3 Be7 5. Bb3 d6 6. O-O Nbd7 7. c3 Qc7 8. Re1
Nb6 9. Nbd2 Be6 10. Bxe6 fxe6 11. Qb3 Qd7 12. Ng5 d5 13. Ndf3 h6 14. Nxe5 Qc7
15. Ngf3 O-O 16. Ng6 Rf7 17. Bf4 Qd8 18. Nfe5 Nh5 19. Nxf7 Kxf7 20. Ne5+ Kg8
21. Bg3 Bd6 22. exd5 exd5 23. a4 Nxg3 24. hxg3 Bxe5 25. Rxe5 Nd7 26. Re2 Nc5
27. Qc2 Qf6 28. Rae1 Rf8 29. b4 Nd7 30. Re7 Qf5 31. Qe2 Rf7 32. Rxf7 Kxf7 33.
g4 1-0

[Event "Elit(Kamraterna-SodraSASS)"]
[Site "?"]
[Date "2004.??.??"]
[Round "9"]
[White "Madebrink, Lars"]
[Black "Lundvik, Jonas"]
[Result "0-1"]
[WhiteElo "2239"]
[BlackElo "2286"]
[PlyCount "60"]

1. d4 d5 2. Nf3 Nf6 3. c4 c6 4. e3 e6 5. Nbd2 c5 6. cxd5 exd5 7. dxc5 Bxc5 8.
Bb5+ Nc6 9. O-O O-O 10. Nb3 Bb6 11. Nbd4 Qd6 12. b3 Bg4 13. Bb2 Nxd4 14. Bxd4
Bxd4 15. Qxd4 Bxf3 16. gxf3 Rac8 17. Qxa7 Rc5 18. Be2 d4 19. Rad1 Rg5+ 20. Kh1
Rh5 21. f4 Qc6+ 22. Kg1 Rh6 23. f5 Qc2 24. Bd3 Qc7 25. f4 dxe3 26. Qxe3 Ng4 27.
Rc1 Qd8 28. Qg3 Qd4+ 29. Kh1 Rxh2+ 30. Qxh2 Nxh2 0-1

[Event "Elit(LASK-Rockaden)"]
[Site "?"]
[Date "2004.??.??"]
[Round "9"]
[White "Lobron, Erik"]
[Black "Nicklasson, Christer"]
[Result "1/2-1/2"]
[WhiteElo "2547"]
[BlackElo "2418"]
[PlyCount "85"]

1. c4 f5 2. g3 Nf6 3. Bg2 g6 4. Nc3 Bg7 5. d4 O-O 6. Nh3 d6 7. d5 c6 8. Nf4 e5
9. dxe6 Qe7 10. Qc2 Bxe6 11. b3 Na6 12. Ba3 Bf7 13. Rd1 Rad8 14. O-O Nc5 15.
Nd3 Nce4 16. Nxe4 Nxe4 17. Bb2 Bxb2 18. Qxb2 d5 19. cxd5 Bxd5 20. Nf4 Bf7 21.
Bxe4 Qxe4 22. h4 Qe7 23. Qc3 a6 24. f3 h6 25. Kf2 Rfe8 26. Rxd8 Rxd8 27. Re1
Re8 28. Rd1 g5 29. hxg5 hxg5 30. Rh1 Qe5 31. Qxe5 Rxe5 32. Nd3 Ra5 33. Nc1 Kg7
34. Rd1 Bd5 35. Ke3 Kf6 36. Rh1 Kg7 37. Rh5 Kg6 38. Rh8 c5 39. Rd8 Bc6 40. Rd6+
Kf7 41. Kd2 Be8 42. Kc3 Ke7 43. Rh6 1/2-1/2

[Event "Elit(LASK-Rockaden)"]
[Site "?"]
[Date "2004.??.??"]
[Round "9"]
[White "Olsson, Linus"]
[Black "Karlsson, Lars"]
[Result "0-1"]
[WhiteElo "2360"]
[BlackElo "2554"]
[PlyCount "72"]

1. d4 e6 2. g3 f5 3. Bg2 Nf6 4. Nf3 d5 5. O-O Bd6 6. b3 O-O 7. c4 b6 8. Ba3 Qe7
9. Qc1 Nbd7 10. Bxd6 cxd6 11. Nbd2 Bb7 12. Qa3 Ne4 13. Rac1 Ndf6 14. Rc2 Rfc8
15. e3 Qd7 16. Rfc1 Ng4 17. Nxe4 dxe4 18. Nd2 e5 19. h3 Nf6 20. dxe5 dxe5 21.
Nb1 f4 22. Rd2 Qf5 23. Qe7 Bc6 24. Rcd1 h5 25. exf4 exf4 26. gxf4 Re8 27. Qc7
Rac8 28. Qxa7 e3 29. fxe3 Rxe3 30. Qxb6 Rg3 31. Nc3 Bxg2 32. Rxg2 Qxh3 33. Rdd2
Re8 34. Qb7 Re1+ 35. Kf2 Rxg2+ 36. Qxg2 Qe3# 0-1

[Event "Elit(LASK-Rockaden)"]
[Site "?"]
[Date "2004.??.??"]
[Round "9"]
[White "Hermansson, Emil"]
[Black "Johnson, Bjorn"]
[Result "1-0"]
[WhiteElo "2526"]
[BlackElo "2310"]
[PlyCount "81"]

1. e4 e6 2. d4 d5 3. Nc3 Bb4 4. e5 c5 5. a3 Bxc3+ 6. bxc3 Qc7 7. Qg4 f5 8. Qg3
cxd4 9. cxd4 Ne7 10. Ne2 O-O 11. c3 b6 12. Nf4 Qd7 13. h4 Ba6 14. Bxa6 Nxa6 15.
h5 Rac8 16. h6 g6 17. O-O Rc4 18. a4 Kh8 19. Ba3 Rfc8 20. Rfc1 Nb8 21. a5 b5
22. a6 Ra4 23. Bxe7 Qxe7 24. Qd3 Qe8 25. Rxa4 bxa4 26. Rb1 Qc6 27. Rb7 a3 28.
Rb3 Qa4 29. Qb5 Qxb5 30. Rxb5 Nc6 31. Rb3 a2 32. Ra3 Nxd4 33. Rxa2 Rxc3 34. Rb2
Rb3 35. Rxb3 Nxb3 36. Nxe6 d4 37. Kf1 Kg8 38. Ke2 Kf7 39. Ng5+ Kg8 40. e6 d3+
41. Kd1 1-0

[Event "Elit(LASK-Rockaden)"]
[Site "?"]
[Date "2004.??.??"]
[Round "9"]
[White "Ikonic, Borislav"]
[Black "Wiedenkeller, Michael"]
[Result "1/2-1/2"]
[WhiteElo "2321"]
[BlackElo "2527"]
[PlyCount "112"]

1. e4 e6 2. d4 d5 3. Nc3 Nf6 4. e5 Nfd7 5. Nce2 c5 6. c3 Nc6 7. f4 b5 8. Nf3 b4
9. cxb4 Nxb4 10. Nc3 cxd4 11. Nxd4 Bc5 12. Be3 O-O 13. a3 Bxd4 14. Bxd4 Nc6 15.
Bb5 Nxd4 16. Qxd4 a6 17. Bd3 Qb6 18. Ne2 Nc5 19. Bc2 a5 20. Rc1 Rb8 21. O-O Ba6
22. Rf2 Rfc8 23. Nc3 Nd3 24. Qxb6 Rxb6 25. Bxd3 Bxd3 26. Rd1 Bc4 27. g4 f6 28.
exf6 gxf6 29. f5 Rd8 30. fxe6 Rxe6 31. Rd4 Rb6 32. Rfd2 Rdb8 33. Nxd5 Bxd5 34.
Rxd5 Rxb2 35. Rxb2 Rxb2 36. Rxa5 Kg7 37. h4 Ra2 38. a4 Kg6 39. Ra6 Kg7 40. h5
Kf7 41. Ra7+ Ke6 42. Rxh7 Rxa4 43. Rg7 Ra1+ 44. Kg2 Ra2+ 45. Kg3 Ra3+ 46. Kh4
Ra1 47. Rb7 Rh1+ 48. Kg3 f5 49. Rb6+ Kf7 50. Rb7+ Kf6 51. Rb6+ Kf7 52. g5 Rxh5
53. Kf4 Rh1 54. Rb7+ Kg6 55. Rb6+ Kg7 56. Kxf5 Rf1+ 1/2-1/2

[Event "Elit(LASK-Rockaden)"]
[Site "?"]
[Date "2004.??.??"]
[Round "9"]
[White "Olsson, Anders"]
[Black "Riis, Jens"]
[Result "1-0"]
[WhiteElo "2512"]
[BlackElo "2222"]
[PlyCount "81"]

1. e4 g6 2. d4 Nf6 3. e5 Nh5 4. Nc3 d5 5. Bd3 Nc6 6. Nge2 Nb4 7. Bb5+ Bd7 8.
O-O Bxb5 9. Nxb5 Qd7 10. c4 c6 11. Nbc3 dxc4 12. Qa4 a5 13. Ne4 b5 14. Qd1 Ng7
15. Nc5 Qf5 16. a4 Qc2 17. axb5 Qxd1 18. Rxd1 cxb5 19. Nc3 e6 20. Nxb5 Nd5 21.
Ne4 Bb4 22. Nf6+ Kd8 23. Bg5 Kc8 24. Rdc1 Nb6 25. Ne4 Ne8 26. b3 h6 27. Bd2
Bxd2 28. Nxd2 Kd7 29. bxc4 a4 30. Ne4 Ke7 31. Kf1 f6 32. exf6+ Nxf6 33. Nc5
Nfd7 34. Nxd7 Kxd7 35. Nc3 Nxc4 36. Nxa4 Nd2+ 37. Ke1 Nb3 38. Nb6+ Kd6 39. Nxa8
Nxc1 40. Nb6 Rb8 41. Nc4+ 1-0

[Event "Elit(Manhem-Sollentuna)"]
[Site "?"]
[Date "2004.??.??"]
[Round "9"]
[White "Berg, Emanuel"]
[Black "Akesson, Joel"]
[Result "1/2-1/2"]
[WhiteElo "2587"]
[BlackElo "2334"]
[PlyCount "76"]

1. e4 e6 2. d4 d5 3. Nc3 Bb4 4. e5 Ne7 5. a3 Bxc3+ 6. bxc3 c5 7. a4 Nbc6 8. Nf3
Qa5 9. Bd2 Bd7 10. Bd3 c4 11. Bf1 f6 12. exf6 gxf6 13. g3 O-O-O 14. Bg2 Nf5 15.
O-O Nd6 16. Nh4 Ne7 17. Qh5 Nef5 18. Nxf5 Nxf5 19. Rad1 a6 20. Bh3 Nd6 21. Rfe1
Qxa4 22. Bxe6 Bxe6 23. Rxe6 Qxc2 24. Bf4 Nb5 25. Re7 Qg6 26. Qh3+ f5 27. Rde1
Qg4 28. Qg2 Rhg8 29. Rxh7 Rge8 30. Rb1 Qe2 31. h4 Qd3 32. Rxb5 axb5 33. h5 Re4
34. Rc7+ Kb8 35. Rd7+ Kc8 36. Rc7+ Kb8 37. Rd7+ Kc8 38. Rc7+ Kb8 1/2-1/2

[Event "Elit(Manhem-Sollentuna)"]
[Site "?"]
[Date "2004.??.??"]
[Round "9"]
[White "Kinnmark, Ove"]
[Black "Dzevlan, Miralem"]
[Result "0-1"]
[WhiteElo "2324"]
[BlackElo "2464"]
[PlyCount "60"]

1. e4 c5 2. Nf3 e6 3. Nc3 Nc6 4. Bb5 Nge7 5. d4 cxd4 6. Nxd4 Nxd4 7. Qxd4 a6 8.
Be2 Nc6 9. Qd3 Qc7 10. O-O Be7 11. f4 O-O 12. Qg3 b5 13. Bd3 Nb4 14. Be3 Bb7
15. Kh1 Nxd3 16. cxd3 b4 17. Nd1 f5 18. Rc1 Qa5 19. Nf2 Qxa2 20. Rc7 Bc6 21.
Bd4 Rf7 22. Rc1 Bd6 23. R7xc6 dxc6 24. Nh3 c5 25. Bxc5 Bxc5 26. Rxc5 Qb1+ 27.
Ng1 Qxb2 28. h3 b3 29. Nf3 Qa1+ 30. Kh2 b2 0-1

[Event "Elit(Manhem-Sollentuna)"]
[Site "?"]
[Date "2004.??.??"]
[Round "9"]
[White "Eriksson, Jonas"]
[Black "Hultin, Johan"]
[Result "0-1"]
[WhiteElo "2342"]
[BlackElo "2377"]
[PlyCount "77"]

1. d4 d5 2. Nf3 c6 3. c4 Nf6 4. e3 Bf5 5. Nc3 e6 6. Qb3 Qb6 7. c5 Qc7 8. Nh4
Nbd7 9. Nxf5 exf5 10. Qc2 g6 11. b4 Bg7 12. g3 h5 13. h4 O-O 14. Bb2 Rfe8 15.
Be2 Ng4 16. Bxg4 fxg4 17. O-O-O Nf6 18. Rhe1 b6 19. Re2 Rab8 20. Qa4 a5 21.
cxb6 Rxb6 22. bxa5 Ra6 23. Ba3 Rxa5 24. Bd6 Qa7 25. Qb3 Bf8 26. Bxf8 Rxf8 27.
Rb2 Ra3 28. Qc2 Ra8 29. Rb3 Ne8 30. Qb2 Rxb3 31. axb3 Nd6 32. Na4 Ne4 33. Qc2
Qb7 34. Qb2 Nxf2 35. Qxf2 Qxb3 36. Rf1 f5 37. Nc5 Qc3+ 38. Kd1 Ra1+ 39. Ke2 0-1

[Event "Elit(Manhem-Sollentuna)"]
[Site "?"]
[Date "2004.??.??"]
[Round "9"]
[White "Andersson, Bjorn"]
[Black "Lindberg, Bosse"]
[Result "0-1"]
[WhiteElo "2307"]
[BlackElo "2420"]
[PlyCount "154"]

1. e4 Nc6 2. d4 e5 3. Nf3 exd4 4. Bc4 Nf6 5. O-O Nxe4 6. Re1 d5 7. Bxd5 Qxd5 8.
Nc3 Qh5 9. Nxe4 Be6 10. Nxd4 Qxd1 11. Rxd1 O-O-O 12. Be3 Nxd4 13. Rxd4 Be7 14.
a3 Bf5 15. f3 Rhe8 16. Re1 Bf8 17. Rxd8+ Kxd8 18. Bd4 c5 19. Bf2 Kc7 20. c4 Kc6
21. Kf1 h6 22. Re3 g5 23. b3 b6 24. Ke2 Bg7 25. Nd2 Rxe3+ 26. Bxe3 Bb2 27. b4
Bxa3 28. b5+ Kd6 29. Ne4+ Ke5 30. Kd3 Bg6 31. g3 f5 32. f4+ Ke6 33. Nf2 Kf6 34.
Nd1 Bh5 35. Nc3 Bf3 36. Nd5+ Ke6 37. fxg5 hxg5 38. Nc7+ Kf6 39. Nd5+ Bxd5 40.
cxd5 Bb2 41. h4 gxh4 42. gxh4 Ke5 43. Kc4 Ke4 44. Bg1 Bf6 45. h5 f4 46. d6 f3
47. h6 Ke5 48. Bh2+ Ke6 49. Bg3 Kf5 50. Kd3 Kg4 51. Be1 Kh5 52. Bd2 Kg6 53. d7
Bh4 54. Be3 Bd8 55. Kd2 Bh4 56. Bf4 c4 57. Ke3 f2 58. Ke2 c3 59. Bc1 c2 60. Bd2
Kh7 61. Bc1 Kg6 62. Bd2 Kf7 63. Bc1 Ke7 64. Bb2 Kxd7 65. h7 Bf6 66. Bc1 Bd4 67.
Be3 f1=Q+ 68. Kxf1 Bxe3 69. h8=Q c1=Q+ 70. Kg2 Qg1+ 71. Kf3 Qf2+ 72. Ke4 Qf4+
73. Kd3 Qd4+ 74. Qxd4+ Bxd4 75. Kxd4 Kd6 76. Kc3 Kc5 77. Kb3 Kxb5 0-1

[Event "Elit(Skara-Farsta)"]
[Site "?"]
[Date "2004.??.??"]
[Round "9"]
[White "Degerman, Lars"]
[Black "Djurhuus, Rune"]
[Result "0-1"]
[WhiteElo "2498"]
[BlackElo "2555"]
[PlyCount "104"]

1. d4 Nf6 2. Nf3 g6 3. c4 c5 4. Nc3 cxd4 5. Nxd4 Nc6 6. e4 Bg7 7. Be3 Ng4 8.
Qxg4 Nxd4 9. Qd1 Ne6 10. Rc1 Qa5 11. Bd3 g5 12. Qh5 Qe5 13. g3 b6 14. O-O Bb7
15. Rfe1 Qf6 16. b4 Qg6 17. Qxg6 hxg6 18. Nd5 Rc8 19. f3 Bd4 20. Kg2 Bxe3 21.
Rxe3 Nd4 22. Rd1 e5 23. Bf1 d6 24. Ra3 Bxd5 25. exd5 Nc2 26. Rb3 f5 27. h3 f4
28. Kf2 Ne3 29. Rxe3 fxe3+ 30. Kxe3 Kf7 31. a4 Rc7 32. Ra1 Rhc8 33. a5 b5 34.
cxb5 Rc3+ 35. Kf2 Rb3 36. b6 Rxb4 37. bxa7 Rb7 38. a6 Rxa7 39. Rb1 Ke7 40. Be2
Rc2 41. Ke3 Ra2 42. Rc1 Ra5 43. Ke4 Kd7 44. Rb1 Rc7 45. Rb8 Ra4+ 46. Ke3 Ra3+
47. Kd2 Ra2+ 48. Kd1 Rcc2 49. Bb5+ Kc7 50. Rb7+ Kc8 51. Bd7+ Kd8 52. Be6 Rh2
0-1

[Event "Elit(Skara-Farsta)"]
[Site "?"]
[Date "2004.??.??"]
[Round "9"]
[White "Gausel, Einar"]
[Black "Sammalvuo, Tapani"]
[Result "1-0"]
[WhiteElo "2580"]
[BlackElo "2495"]
[PlyCount "61"]

1. d4 d5 2. Nf3 Nf6 3. c4 e6 4. e3 Be7 5. Nc3 O-O 6. a3 c5 7. dxc5 dxc4 8. Qc2
Bxc5 9. Bxc4 Nbd7 10. O-O a6 11. b4 Ba7 12. Bb2 b5 13. Bd3 Bb7 14. Ne4 Bxe4 15.
Bxe4 Rc8 16. Qb1 Nxe4 17. Qxe4 Rc4 18. Qb7 Qc7 19. Qxa6 Rb8 20. Rac1 Qb6 21.
Qxb6 Nxb6 22. Bd4 Rbc8 23. Rxc4 Rxc4 24. g3 f6 25. Rd1 Rc6 26. Bc5 e5 27. Rd8+
Kf7 28. Nd2 Kg6 29. Ne4 Rc8 30. Rd6 Rb8 31. Rc6 1-0

[Event "Elit(Skara-Farsta)"]
[Site "?"]
[Date "2004.??.??"]
[Round "9"]
[White "Lindberg, Bengt"]
[Black "Ziegler, Ari"]
[Result "0-1"]
[WhiteElo "2453"]
[BlackElo "2426"]
[PlyCount "89"]

1. e4 e6 2. d4 d5 3. Nc3 Nf6 4. Bg5 Be7 5. e5 Nfd7 6. Bxe7 Qxe7 7. f4 O-O 8.
Nf3 c5 9. Qd2 Nc6 10. dxc5 f6 11. exf6 Qxf6 12. g3 Nxc5 13. O-O-O Rd8 14. Qe1
a6 15. Kb1 Bd7 16. Qe3 b6 17. Nd4 Nxd4 18. Rxd4 Bc6 19. Bg2 b5 20. Rhd1 a5 21.
Ne2 Rac8 22. R4d2 Bd7 23. Nd4 Kh8 24. Re1 Re8 25. Nf3 b4 26. Ne5 Bb5 27. g4 Rf8
28. Rf2 Qh4 29. Rf3 Kg8 30. f5 d4 31. Qg1 d3 32. cxd3 b3 33. d4 bxa2+ 34. Ka1
Na4 35. Rb3 Be8 36. fxe6 Qe7 37. Bd5 Kh8 38. Qg3 Qg5 39. Kxa2 Qd2 40. Qe3 Qxh2
41. Rh1 Qc2 42. Be4 Nc3+ 43. Rxc3 Rxc3 44. Rxh7+ Kg8 45. Rxg7+ 0-1

[Event "Elit(Skara-Farsta)"]
[Site "?"]
[Date "2004.??.??"]
[Round "9"]
[White "Winsnes, Rikard"]
[Black "Hjelm, Niclas"]
[Result "1/2-1/2"]
[WhiteElo "2489"]
[BlackElo "2394"]
[PlyCount "45"]

1. e4 e5 2. Nf3 Nc6 3. Bb5 Nf6 4. O-O Nxe4 5. d4 Nd6 6. Bxc6 dxc6 7. dxe5 Nf5
8. Qxd8+ Kxd8 9. Nc3 Ne7 10. h3 Ng6 11. a3 Be7 12. Re1 Bd7 13. Be3 Ke8 14. Rad1
Rd8 15. Nd4 h5 16. f4 Nh4 17. Bf2 Rh6 18. Ne4 Nf5 19. Nf3 h4 20. Neg5 b6 21.
Rd2 Bc8 22. Rxd8+ Bxd8 23. Ne4 1/2-1/2

[Event "Elit(Skara-Farsta)"]
[Site "?"]
[Date "2004.??.??"]
[Round "9"]
[White "Backelin, Rikard"]
[Black "Svensson, Sven"]
[Result "1-0"]
[WhiteElo "2380"]
[BlackElo "2256"]
[PlyCount "85"]

1. e4 e5 2. Nf3 Nc6 3. Bc4 Bc5 4. c3 Nf6 5. d3 a6 6. Bb3 d6 7. Be3 Bxe3 8. fxe3
Be6 9. Bc2 Ng4 10. Qe2 f5 11. Nbd2 O-O 12. exf5 Bxf5 13. O-O Qe7 14. e4 Bd7 15.
d4 Rae8 16. h3 Nh6 17. Qc4+ Be6 18. d5 Bf7 19. Ba4 Rb8 20. Qd3 Na7 21. Qe3 Nc8
22. b4 Nb6 23. Bb3 Nd7 24. Rac1 Bg6 25. Ng5 Rxf1+ 26. Rxf1 b6 27. Ndf3 Nf7 28.
Ne6 Nf8 29. Bc4 Ra8 30. g3 a5 31. bxa5 Rxa5 32. Nh4 Ra4 33. Bb3 Ra8 34. Nf5
Bxf5 35. exf5 Nd8 36. g4 Nb7 37. g5 Nc5 38. Qg3 Nfxe6 39. dxe6 Nxb3 40. axb3
Ra2 41. Qg4 g6 42. f6 Qf8 43. e7 1-0

[Event "Elit(Skara-Farsta)"]
[Site "?"]
[Date "2004.??.??"]
[Round "9"]
[White "Mohammadi, Amir"]
[Black "Jaderberg, Bjorn"]
[Result "1-0"]
[WhiteElo "2258"]
[BlackElo "2298"]
[PlyCount "119"]

1. e4 d5 2. exd5 Qxd5 3. Nc3 Qd6 4. d4 Nf6 5. Nf3 c6 6. Be2 Bg4 7. Bg5 e6 8.
Qd2 Be7 9. a3 Qc7 10. O-O Nbd7 11. Rfe1 Rd8 12. Bf4 Bd6 13. Bxd6 Qxd6 14. Rad1
O-O 15. Qg5 Qc7 16. h3 h6 17. Qh4 Bf5 18. Bd3 Bxd3 19. Rxd3 c5 20. Ne2 b6 21.
Nh2 cxd4 22. Nxd4 Kh7 23. Rc3 Qd6 24. Nb5 Qd2 25. Nf3 Qd5 26. Nxa7 Nc5 27. Qc4
Qa8 28. Nb5 Nd5 29. Ne5 Nxc3 30. Nxc3 Rd2 31. b4 Nd7 32. Nf3 Rc8 33. Qb3 Qc6
34. Nxd2 Qxc3 35. Qxc3 Rxc3 36. Ne4 Rxa3 37. Nd6 Kg6 38. Re4 Ra1+ 39. Kh2 Rc1
40. Rc4 Ne5 41. Rc3 Rd1 42. Nc4 Nxc4 43. Rxc4 Rb1 44. c3 Rd1 45. Kg3 Kf6 46.
Rc7 b5 47. Kf4 Rd5 48. g4 g6 49. f3 g5+ 50. Ke4 Kg6 51. Rc5 f5+ 52. Ke3 f4+ 53.
Ke4 Rd1 54. Rxb5 Re1+ 55. Kd4 Re3 56. c4 Rxf3 57. c5 Ra3 58. c6 Ra7 59. Rc5 f3
60. Ke3 1-0

[Event "Elit(Skara-Farsta)"]
[Site "?"]
[Date "2004.??.??"]
[Round "9"]
[White "Ong, Kezli"]
[Black "Eklund, Lars-Goran"]
[Result "0-1"]
[WhiteElo "2300"]
[BlackElo "2310"]
[PlyCount "128"]

1. e4 Nc6 2. Nf3 d6 3. d4 Nf6 4. Nc3 Bg4 5. d5 Nb8 6. Be2 g6 7. Nd4 Bxe2 8.
Qxe2 c5 9. Nf3 Bg7 10. O-O O-O 11. Bg5 Nbd7 12. a4 Re8 13. Rfe1 a6 14. a5 Qc7
15. Nd2 h6 16. Bh4 Nh5 17. Nc4 b5 18. axb6 Nxb6 19. Ne3 e6 20. dxe6 Rxe6 21.
Ncd5 Nxd5 22. Nxd5 Qb7 23. c3 Rae8 24. Qc4 Qxb2 25. f3 g5 26. Reb1 Qc2 27. Bf2
Nf4 28. Nc7 Ne2+ 29. Kf1 Nxc3 30. Nxe8 Rxe8 31. Rb7 d5 32. Qxa6 dxe4 33. Qc4
Qd3+ 34. Qxd3 exd3 35. Be1 Ne2 36. Ra4 Nf4 37. Rc4 Bd4 38. g3 Nd5 39. Rc1 Ne3+
40. Kg1 Nc4+ 41. Kg2 d2 42. Bxd2 Nxd2 43. Rc2 Re2+ 44. Kh3 h5 45. Rb1 f5 46.
Rb8+ Kf7 47. Rb7+ Ke6 48. g4 hxg4+ 49. fxg4 f4 50. Rb6+ Kd5 51. Rxc5+ Ke4 52.
Re6+ Kd3 53. Rxe2 Bxc5 54. Re5 Ne4 55. Kg2 Ke3 56. Rf5 Be7 57. h3 Bf6 58. h4
gxh4 59. Kh3 f3 60. Kh2 Bd8 61. Kg1 Bg5 62. Kh2 Bf4+ 63. Kh3 f2 64. Kg2 h3+ 0-1

[Event "Elit(Skara-Farsta)"]
[Site "?"]
[Date "2004.??.??"]
[Round "9"]
[White "Andersson, Goran"]
[Black "Lindeman, Sven"]
[Result "0-1"]
[WhiteElo "2238"]
[BlackElo "2217"]
[PlyCount "80"]

1. e4 e5 2. Nf3 Nc6 3. Bb5 a6 4. Ba4 Nf6 5. O-O Be7 6. Re1 b5 7. Bb3 O-O 8. c3
d5 9. d4 exd4 10. e5 Ne4 11. Nxd4 Nxe5 12. f3 c5 13. fxe4 cxd4 14. cxd4 Bg4 15.
Qd2 Nc4 16. Qf4 Be6 17. Nc3 Bb4 18. Qg3 dxe4 19. Rxe4 Bf5 20. Bg5 f6 21. Bh6
Rf7 22. Rh4 Kh8 23. Rf1 Qd7 24. Bc1 g5 25. Qf3 Re8 26. Bxc4 bxc4 27. Rh6 Qxd4+
28. Kh1 Bf8 29. Qxf5 Bxh6 30. h3 Bg7 31. Rd1 Qe5 32. Qg4 h6 33. Qxc4 Qe6 34.
Qd3 f5 35. b4 f4 36. Qf3 Qc4 37. Qd5 Qxd5 38. Nxd5 Rd7 39. a4 Red8 40. b5 axb5
0-1

[Event "Elit(Schack08-Solna)"]
[Site "?"]
[Date "2004.??.??"]
[Round "9"]
[White "Jonsson, Mikael"]
[Black "Petrov, Miriam"]
[Result "0-1"]
[WhiteElo "2304"]
[BlackElo "2519"]
[PlyCount "64"]

1. e4 c5 2. Nf3 Nc6 3. d4 cxd4 4. Nxd4 Qb6 5. Nb3 Nf6 6. Nc3 e6 7. Bd3 a6 8.
O-O Be7 9. Kh1 O-O 10. f4 d6 11. Qe2 Qc7 12. Bd2 b5 13. Rae1 b4 14. Nb1 e5 15.
f5 Bb7 16. c4 bxc3 17. Nxc3 Nd4 18. Qe3 Qb6 19. Bc4 Rfc8 20. Bd5 Bxd5 21. Nxd5
Nxd5 22. exd5 Bf6 23. Rc1 Qb5 24. Nxd4 exd4 25. Qb3 Rc5 26. Rf3 Rxd5 27. Qxb5
axb5 28. a3 d3 29. Bb4 Bxb2 30. Rd1 Bxa3 31. Ra1 d2 32. Rff1 d1=Q 0-1

[Event "Elit(Schack08-Solna)"]
[Site "?"]
[Date "2004.??.??"]
[Round "9"]
[White "Steneskog, Per"]
[Black "Renman, Nils-Gustaf"]
[Result "0-1"]
[WhiteElo "2227"]
[BlackElo "2409"]
[PlyCount "68"]

1. d4 e6 2. e4 d5 3. Nd2 Nf6 4. e5 Nfd7 5. Bd3 c5 6. c3 Nc6 7. Ne2 cxd4 8. cxd4
Nb6 9. O-O Bd7 10. f4 g6 11. Nf3 a5 12. g4 h5 13. f5 gxf5 14. gxf5 exf5 15. Ng3
f4 16. Nf5 Nc4 17. Bxf4 Nxb2 18. Qe2 Nxd3 19. Nd6+ Bxd6 20. exd6+ Kf8 21. Qxd3
Rg8+ 22. Kh1 Qf6 23. Qd2 Bf5 24. Rae1 Be4 25. Rxe4 dxe4 26. Ne5 Qxd6 27. Bh6+
Ke8 28. Nxf7 Qd5 29. Qe3 Ra6 30. Ng5 Nxd4 31. Qf4 e3+ 32. Ne4 Rf6 33. Qb8+ Kd7
34. Qxb7+ Qxb7 0-1

[Event "Elit(Schack08-Solna)"]
[Site "?"]
[Date "2004.??.??"]
[Round "9"]
[White "Laveryd, Peter"]
[Black "Landgren, Andreas"]
[Result "1-0"]
[WhiteElo "2455"]
[BlackElo "2220"]
[PlyCount "63"]

1. d4 Nf6 2. Nf3 g6 3. Bf4 Bg7 4. e3 O-O 5. Be2 c5 6. c3 b6 7. O-O Bb7 8. h3 d6
9. Nbd2 Re8 10. Bh2 Nbd7 11. a4 e5 12. a5 e4 13. Ne1 d5 14. Qa4 Re6 15. Nc2 c4
16. Nb4 a6 17. axb6 a5 18. Nc2 Nxb6 19. Qa2 a4 20. f3 exf3 21. Bxf3 Bh6 22.
Rae1 Qe7 23. Bf4 Bxf4 24. exf4 Re8 25. Re5 Qd6 26. Qa3 Qxa3 27. bxa3 Ne4 28.
Bxe4 dxe4 29. Rb1 Bd5 30. Rxb6 Rxb6 31. Rxe8+ Kg7 32. Nb4 1-0

[Event "Elit(Schack08-Solna)"]
[Site "?"]
[Date "2004.??.??"]
[Round "9"]
[White "Bjarnehag, Peter"]
[Black "Lejlic, Samir"]
[Result "0-1"]
[WhiteElo "2235"]
[BlackElo "2401"]
[PlyCount "90"]

1. Nf3 Nf6 2. c4 g6 3. d4 Bg7 4. g3 O-O 5. Bg2 a6 6. Nc3 Nc6 7. O-O Rb8 8. Nd5
d6 9. b3 Nd7 10. e4 b5 11. cxb5 axb5 12. Bb2 e6 13. Nf4 Bb7 14. Qe2 e5 15. dxe5
dxe5 16. Nd5 Nd4 17. Nxd4 exd4 18. Rfd1 c6 19. Nf4 c5 20. b4 Re8 21. Rac1 Qb6
22. Qd2 Bxe4 23. bxc5 Nxc5 24. Bxd4 Bxd4 25. Qxd4 Rbd8 26. Qa1 Bxg2 27. Rxd8
Rxd8 28. Kxg2 Rd2 29. Qe5 Qb7+ 30. Kg1 Ne4 31. Qe8+ Kg7 32. Qe5+ Kh6 33. Nh3 f6
34. Qf4+ g5 35. Qf5 Qd5 36. Qxd5 Rxd5 37. f3 Nd2 38. Kf2 Nc4 39. Rc2 Na3 40.
Rb2 Nc4 41. Rc2 Rd4 42. Ng1 Rd5 43. Ne2 Ne5 44. Nc1 Rd1 45. h3 Rxc1 0-1

[Event "Elit(Schack08-Solna)"]
[Site "?"]
[Date "2004.??.??"]
[Round "9"]
[White "Karlsson, Tomas"]
[Black "Solin, Niclas"]
[Result "0-1"]
[WhiteElo "2296"]
[BlackElo "2112"]
[PlyCount "52"]

1. e4 c5 2. Nf3 Nc6 3. d4 cxd4 4. Nxd4 e5 5. Nb5 d6 6. c4 Be6 7. Bd3 Be7 8. b3
Rc8 9. O-O Nf6 10. Bb2 O-O 11. N1c3 a6 12. Na3 Nd7 13. Nc2 Nc5 14. Ne3 Bg5 15.
Ncd5 b5 16. cxb5 axb5 17. Kh1 Ne7 18. Nxe7+ Qxe7 19. Qc2 Qb7 20. f3 Nxd3 21.
Qxd3 Bxe3 22. Qxe3 Rc2 23. Rab1 Rfc8 24. h3 Qa6 25. a3 b4 26. axb4 Rxb2 0-1